000 00783nam a2200229 a 4500
001 17839
003 BD-RjUL
005 20211209000211.0
008 140219r19471945enk 000 0 eng c
035 _a(BD-RjUL)17897
040 _aHarvard Univ. Library
_cDGU
_dm.c
_dSER
_dOCL
_dBD-RjUL
_beng
041 _aeng
082 _a821.00
_bDAO
100 1 _aDavies, John,
_d1569-1626.
_955051
245 1 0 _aOrchestra; or, A poem of dancing /
_cSir John Davies. Edited with brief introduction and notes by E.M.W. Tillyard
260 _aLondon :
_bChatto & Windus,
_c1945 [impression 1947]
300 _a55, [1] p. ;
_c20 cm
700 1 _aTillyard, E. M. W.
_q(Eustace Mandeville Wetenhall),
_d1889-1962.
_955052
942 _2ddc
_cBK
999 _c17839
_d17839